000
00292nam a2200121Ia 4500
008
191201s2004 xx 000 0 und d
100
_a
BHARTIY, Kamlesh
245
0
_a
So Window Ki Gudiya
260
_a
N. Delhi
_b
Abhishek Pub
_c
2004
300
_a
120
650
_a
General Books
942
_2
ddc
_c
BK
999
_c
717
_d
717